Lecturas predicables: Jesús y sus obras

Salvato in:
Dettagli Bibliografici
Autore principale: Eguía Ruíz, Constancio (Autore)
Natura: Libro
Lingua:spagnolo
Pubblicazione: Barcelona Librería Religiosa 1915
Edizione:1a. ed
Soggetti:
Tags: Aggiungi Tag
Nessun Tag, puoi essere il primo ad aggiungerne!!

MARC

LEADER 00000cam a2200000 a 4500
001 UCD0873
003 CL-VaPUC
008 151218e19150000sp |||||||||||||||||spa|d
082 0 4 |a 232  |b EGU  |2 21 
100 |a Eguía Ruíz, Constancio  |e author  |9 352825 
245 1 0 |a Lecturas predicables: Jesús y sus obras 
250 |a 1a. ed 
300 |a t 
942 |c BK 
945 |d 20151218 14:15:00  |a gsalatino 
260 |a Barcelona  |b Librería Religiosa  |c 1915 
600 0 |a Jesús  |9 313614 
650 0 |a Cristología   |9 315091 
650 0 |a Predicación  |9 398079 
583 |a last modification  |c 20151218 14:15:00  |k Rodrigo Vera 
999 |c 362310  |d 362308 
952 |0 0  |1 0  |3 erd  |4 0  |6 232_000000000000000_EGU_1915  |7 0  |8 P  |9 473374  |a BIBTEO  |b BIBTES  |c TEO_FTES  |h t.1  |i 527429K  |o 232 EGU 1915  |p 527429K  |r 2024-01-18  |w 2019-11-24  |y BK  |z Catalogado en:20151218  |k ICR